000 02148nam a2200445 i 4500
001 193463
003 ES-MaACL
005 20260313134720.0
007 ta
008 231229e2023 sp a|||| |||| 00| 0 spa d
017 _aM-29480-2023
_bOficina Depósito Legal Madrid
020 _a978-84-451-4075-8
040 _bspa
_cES-MaACL
080 _a94(460.271)"192"(083.824)
245 0 4 _aLos 20 del XX :
_bun garbeo por Madrid /
_n[textos, M.ª Nieves Sobrino García, Pedro Montoliú Camps]
260 _a[Madrid] :
_bComunidad de Madrid,
_c[2023]
300 _a96 páginas :
_bprincipalmente fotografías (blanco y negro),
_c30 cm
336 _2rdacontent
_aTexto
337 _2rdamedia
_asin mediación
338 _2rdacarrier
_avolumen
500 _aÍndice
520 _aEl catálogo reúne 100 imágenes y una treintena de diverso material documental, como planos, carteles, revistas y correspondencia pertenecientes a diversos fondos documentales custodiados en el Archivo Regional de la Comunidad de Madrid
530 _aDisponible en formato digital
585 _aExposición celebrada en la Sala de Exposiciones Cristóbal Portillo del Archivo Regional de la Comunidad de Madrid, del 10 de octubre de 2023 al 14 de enero de 2024
651 7 _aMadrid-
_xHistoria-
_yS.XX-
_vExposiciones
_9174056
651 4 _aMadrid-
_vObras ilustradas
_98976
655 7 _aCatálogos de exposiciones
_2tgfbne
_9193628
655 7 _aLibros ilustrados
_2tgfbne
_9193653
700 1 _aSobrino García, M. Nieves
_eaut
_9234742
700 1 _aMontoliú Camps, Pedro,
_d1954-
_eaut
_982680
710 1 _aMadrid (Comunidad Autónoma)
_eedt
_95587
852 4 _aES-MaACL
_b154917
_cDEPOJ
_jN-9613
_hDonación Comunidad de Madrid
_9200936
856 4 _uhttps://www.comunidad.madrid/sites/default/files/doc/cultura/los_20_del_xx.pdf
_yVersión digital
_z(Comunidad de Madrid)
856 4 _uhttps://gestiona3.madrid.org/bvirtual/BVCM051052.pdf
_yVersión digital
_z(PublicaMadrid)
942 _cMONOGRAFIA
_n0
999 _c193463
_d193463